Voluntary carbon markets in agriculture and forestry : (Record no. 20855)

000 -LEADER
fixed length control field 00848nam a2200229 i 4500
040 ## - CATALOGING SOURCE
Transcribing agency GPO
082 ## - DEWEY DECIMAL CLASSIFICATION NUMBER
Classification number 333 FAO 2012 A042 Or.
110 1# - MAIN ENTRY--CORPORATE NAME
Corporate name or jurisdiction name as entry element United States.
245 10 - TITLE STATEMENT
Title Voluntary carbon markets in agriculture and forestry :
Remainder of title hearing before the Committee on Agriculture, House of Representatives, One Hundred Seventeenth Congress, first session, September 23, 2021.
300 ## - PHYSICAL DESCRIPTION
Number of Pages 1 online resource (iv, 149 pages) :
Other physical details illustrations, one map
500 ## - GENERAL NOTE
General note Access ID (govinfo): CHRG-117hhrg48427.
500 ## - GENERAL NOTE
General note "Serial no. 117-16."
650 #0 - SUBJECT ADDED ENTRY--TOPICAL TERM
Topical Term Climatic changes
650 #0 - SUBJECT ADDED ENTRY--TOPICAL TERM
Topical Term Agriculture and state
650 #0 - SUBJECT ADDED ENTRY--TOPICAL TERM
Topical Term Forest policy
650 #0 - SUBJECT ADDED ENTRY--TOPICAL TERM
Topical Term Carbon offsetting
650 #0 - SUBJECT ADDED ENTRY--TOPICAL TERM
Topical Term Greenhouse gas mitigation
650 #0 - SUBJECT ADDED ENTRY--TOPICAL TERM
Topical Term Carbon sequestration
650 #0 - SUBJECT ADDED ENTRY--TOPICAL TERM
Topical Term Business logistics
856 40 - ELECTRONIC LOCATION AND ACCESS
Uniform Resource Identifier https://purl.fdlp.gov/GPO/gpo187013
942 ## - ADDED ENTRY ELEMENTS (KOHA)
Koha item type ADB
952 ## - LOCATION AND ITEM INFORMATION (KOHA)
Withdrawn status [LOCAL, KOHA] 0
Holdings
Permanent Location Date acquired Koha item type Lost status Shelving location Barcode Current Location Full call number
Library Block A2022-12-28ADB A042a069666Library Block A333 FAO 2012 A042 Or.
មជ្ឈមណ្ឌលឯការនៃសាកលវិទ្យាល័យភូមិន្ទកសិកម្មចំការដូង

Powered by Koha